LEADER 01829nam a2200277 4500 001 000000338830 003 CaOOAMICUS 005 20200113151948.0 008 200113s1686 it 000 u lat r 026 $aate- o-e- y-n- rucu (3) 1686 (A) 040 $aSeMil$bita 100 11$aSchelstrate, Emanuel,$d<1649-1692>.$0(OLS)http://semarc/name/22055 245 00$aTractatus de sensu et auctoritate decretorum Constantiensis concilij sessione quarta et quinta circa potestatem ecclesiasticam editorum cum actis et gestis ad illa spectantibus ... opera et studio d. Emanuelis a Schelstrate ... 264 1$aRomae :$bTypis S. Congregationis de Propaganda Fide,$c1686. 300 $a[6], CIII, [1], 302, [12] p. ;$c4° 500 $aIniziali xilogr. 500 $aVignette calcogr. alle c. §2r e A1r. 500 $aSegn.: §-5§? §V*-§V5*? §X*-§X3*? §X4*? (-§X4*4) A-2C? 2D? (-2D3) 2E-2Q? 2R² 501 $aActa et gesta Constantiensiis Concilii ad sensum et auctoritatem decretorum de potestate ecclesiastica sessionibus quarta et quinta editorum spectantia ex pluribus manuscriptis ... 710 2 $aTipografia della Congregazione di Propaganda Fide$b.$0(OLS)http://semarc/name/13116 711 2 $aConcilio di Costanza <1414-1418>.$0(OLS)http://semarc/name/110737 850 $aSeMil 852 $aSeMil$W1$xVenegono$y1$m3X V 69 FA$j217757$B229931$CSeMilBibl$Z2$F229931 $8I 996 $6245$aTractatus de sensu et auctoritate decretorum Constantiensis concilij sessione quarta et quinta circa potestatem ecclesiasticam editorum cum actis et gestis ad illa spectantibus ... opera et studio d. Emanuelis a Schelstrate ...$9(OLS)http://semarc/title/427632 996 $6264$aRomae :$bTypis S. Congregationis de Propaganda Fide$9(OLS)http://semarc/publisher/35005 LEADER 01416nam a2200277 i 4500 001 000000207425 003 CaOOAMICUS 005 20111028000000.0 008 111028s1961 it u000 u ita u 013 $a186203 040 $aSeMil$bita 100 1 $aFlorio, Franco.$0(OLS)http://semarc/name/74487 240 14$aGli organi particolari a ciascuna e le loro funzioni ; L'inserimento diretto della normativa negli ordinamenti degli Stati membri ; L'ordinamento tributario ; Le origini e le prospettive politiche.$0(OLS)http://semarc/title/300023 245 13$aLe comunità europee :$bparte seconda. 260 $aMilano :$bGiuffrè,$c1961. 300 $a92 p. ;$c23 cm. 490 0 $aQuaderni del Centro di documentazione e studi sulle Comunità Europee ;$v3. 500 $aRilegato con : 3U-IV-151/1 e 3U-IV-151/2. 700 1 $aStefani, Giorgio.$0(OLS)http://semarc/name/74489 700 1 $aQuaroni, Pietro <1898-1971>.$0(OLS)http://semarc/name/62921 700 1 $aCatalano, Nicola.$0(OLS)http://semarc/name/74488 830 0$aQuaderni del Centro di documentazione e studi sulle comunità europee ;$v3.$0(OLS)http://semarc/title/34566 850 $aSeMil 852 $aSeMil$W1$xVenegono$y1$m3U IV 151/3$j157887$B157887$CSeMilBibl$Z2$F169127 $81 996 $6245$aLe comunità europee :$bparte seconda$9(OLS)http://semarc/title/300022 996 $6260$aMilano :$bGiuffrè$9(OLS)http://semarc/publisher/29926